<?xml version="1.0" encoding="UTF-8"?><marc:collection xmlns:marc="http://www.loc.gov/MARC21/slim">
  <marc:record>
    <marc:leader>00000nam##2200000za#4500</marc:leader>
    <marc:controlfield tag="001">9.639671</marc:controlfield>
    <marc:controlfield tag="003">CaOODSP</marc:controlfield>
    <marc:controlfield tag="005">20210624222304</marc:controlfield>
    <marc:controlfield tag="007">cr |||||||||||</marc:controlfield>
    <marc:controlfield tag="008">150407|1998||||xxc|||||o    f|0| 0 fre|d</marc:controlfield>
    <marc:datafield tag="040" ind1=" " ind2=" ">
      <marc:subfield code="a">CaOODSP</marc:subfield>
      <marc:subfield code="b">fre</marc:subfield>
    </marc:datafield>
    <marc:datafield tag="043" ind1=" " ind2=" ">
      <marc:subfield code="a">n-cn---</marc:subfield>
    </marc:datafield>
    <marc:datafield tag="086" ind1="1" ind2=" ">
      <marc:subfield code="a">R34-7/2-1998F-PDF</marc:subfield>
    </marc:datafield>
    <marc:datafield tag="110" ind1="1" ind2=" ">
      <marc:subfield code="a">Canada.</marc:subfield>
      <marc:subfield code="b">Affaires indiennes et du Nord. </marc:subfield>
      <marc:subfield code="b">Programme des affaires du Nord.</marc:subfield>
    </marc:datafield>
    <marc:datafield tag="245" ind1="1" ind2="0">
      <marc:subfield code="a">Partage des compétences en matière de ressources foncières et d'utilisation et d'aménagement des terres au Yukon et dans les Territoires du Nord-ouest. Terres visées par l'Accord-cadre transfrontalier du Yukon / </marc:subfield>
      <marc:subfield code="h">[ressource électronique]</marc:subfield>
      <marc:subfield code="c">Publié avec l'autorisation du ministre des Affaires indiennes et du Nord canadien. </marc:subfield>
    </marc:datafield>
    <marc:datafield tag="246" ind1="1" ind2=" ">
      <marc:subfield code="i">Titre de renvoi : </marc:subfield>
      <marc:subfield code="a">Terres visées par l'Accord-cadre transfrontalier du Yukon</marc:subfield>
    </marc:datafield>
    <marc:datafield tag="260" ind1=" " ind2=" ">
      <marc:subfield code="a">Ottawa - Ontario : </marc:subfield>
      <marc:subfield code="b">Affaires indiennes et du Nord. </marc:subfield>
      <marc:subfield code="c">1998.</marc:subfield>
    </marc:datafield>
    <marc:datafield tag="300" ind1=" " ind2=" ">
      <marc:subfield code="a">39p.</marc:subfield>
      <marc:subfield code="b">carte</marc:subfield>
    </marc:datafield>
    <marc:datafield tag="500" ind1=" " ind2=" ">
      <marc:subfield code="a">«Publication nº deux»--p.1 de 39. Publication nº un (R34-7/1-1998F-PDF) ; publication nº trois (R34-7/3-1998F-PDF) ; publication nº quatre (R34-7/4-1998F-PDF). Le nº de catalogue (r34-7/2-1998f) et l'ISBN (0-662-83011-3) de l'édition imprimée ont été incorrectement copiés dans cette édition électronique.</marc:subfield>
    </marc:datafield>
    <marc:datafield tag="590" ind1=" " ind2=" ">
      <marc:subfield code="a">12-09-Supp</marc:subfield>
      <marc:subfield code="b">2012-03-21</marc:subfield>
    </marc:datafield>
    <marc:datafield tag="691" ind1="0" ind2="7">
      <marc:subfield code="a">Gestion du territoire</marc:subfield>
      <marc:subfield code="2">gcpds</marc:subfield>
    </marc:datafield>
    <marc:datafield tag="691" ind1="0" ind2="7">
      <marc:subfield code="a">Terres autochtones</marc:subfield>
      <marc:subfield code="2">gcpds</marc:subfield>
    </marc:datafield>
    <marc:datafield tag="775" ind1="0" ind2="8">
      <marc:subfield code="t">Jurisdictional responsibilities for land resources, land use and development in the Yukon Territory and northwest Territories. Yukon transboundary agreement lands / </marc:subfield>
      <marc:subfield code="w">(CaOODSP)9.695539</marc:subfield>
    </marc:datafield>
    <marc:datafield tag="856" ind1="4" ind2="0">
      <marc:subfield code="a">http://publications.gc.ca</marc:subfield>
      <marc:subfield code="q">PDF</marc:subfield>
      <marc:subfield code="s">523 Ko</marc:subfield>
      <marc:subfield code="u">https://publications.gc.ca/collections/Collection/R34-7-2-1998F.pdf</marc:subfield>
    </marc:datafield>
    <marc:datafield tag="986" ind1=" " ind2=" ">
      <marc:subfield code="a">QS-8574-001-FF-A1</marc:subfield>
    </marc:datafield>
  </marc:record>
</marc:collection>
